| 000 | 00522 a2200157 4500 | ||
|---|---|---|---|
| 020 | _a8171321895 | ||
| 020 | _a9788171321896 | ||
| 090 |
_c2401 _d2401 |
||
| 245 | 0 | 0 | _aPractical costing. |
| 260 |
_a[S.l.] : _bPointer Publishers, _c1999. |
||
| 300 | _a1 v. (unpaged) | ||
| 500 | _aUnknown Binding. | ||
| 856 | 4 | 0 |
_3Amazon.com _uhttp://www.amazon.com/exec/obidos/ASIN/8171321895/chopaconline-20 |
| 856 | 4 | 0 |
_3Amazon customer reviews _uhttp://www.chopac.org/cgi-bin/tools/azrev.pl?q=8171321895 |
| 942 |
_aNBS _cBK _k657.42 MOT |
||
| 999 |
_c344899 _d344899 |
||